| 000 | 01706cam a2200445 i 4500 | ||
|---|---|---|---|
| 001 | 200468063 | ||
| 003 | TR-AnTOB | ||
| 005 | 20260413110330.0 | ||
| 007 | ta | ||
| 008 | 260413r19861985nyu b 001 0 eng | ||
| 010 | _a 84027324 | ||
| 020 |
_a0452258022 _q(paperback) |
||
| 035 | _a(CStRLIN)NJPG86-B20005 | ||
| 035 | _a(NjP)307675-princetondb | ||
| 035 | _a(OCoLC)ocm11533206 | ||
| 035 | _z(NjP)Voyager307675 | ||
| 035 | _z(NjP)Voyager307675 | ||
| 035 | _a(TR-AnTOB)200468063 | ||
| 040 |
_aNjP _beng _erda _cNjP _dCStRLIN _dTR-AnTOB |
||
| 041 | 0 | _aeng | |
| 050 | 0 | 4 |
_aPS3505.A59 _bZ6 1986 |
| 090 |
_aPS3505.A59 _bZ6 1986 |
||
| 100 | 1 |
_aGrobel, Lawrence _eauthor _4aut _0http://id.loc.gov/authorities/names/n84167823 _9153578 |
|
| 245 | 1 | 0 |
_aConversations with Capote / _cby Lawrence Grobel ; with a foreword by James A. Michener. |
| 264 | 1 |
_aNew York : _bNew American Library, _c1986. |
|
| 300 |
_a244 pages ; _c22 cm |
||
| 336 |
_atext _btxt _2rdacontent |
||
| 337 |
_aunmediated _bn _2rdamedia |
||
| 338 |
_avolume _bnc _2rdacarrier |
||
| 500 | _a"NAL books." | ||
| 504 | _aBIBINDX | ||
| 600 | 1 | 0 |
_aCapote, Truman, _d1924-1984 _vInterviews _953170 |
| 650 | 0 |
_aAuthors, American _y20th century _vInterviews _0http://id.loc.gov/authorities/subjects/sh2007101057 _9153580 |
|
| 655 | 7 |
_aInterviews _2lcgft _0http://id.loc.gov/authorities/genreForms/gf2014026115 _9153581 |
|
| 700 | 1 |
_aCapote, Truman, _d1924-1984 _0http://id.loc.gov/authorities/names/n79104227 _953170 |
|
| 700 | 1 |
_aMichener, James A. _q(James Albert), _d1907-1997 _ewriter of foreword _4wfw _0http://id.loc.gov/authorities/names/n79058583 _9153429 |
|
| 942 |
_2lcc _cBK |
||
| 999 |
_c200468063 _d86275 |
||